Best Bundesliga Players in FIFA 23 - Statistics

General Stats
  • This quiz has been taken 39 times
  • The average score is 8 of 15
Answer Stats
Position Rating Answer % Correct
GK 90 Manuel Neuer
100%
CDM 89 Joshua Kimmich
97%
CAM 87 Thomas Müller
94%
LB 84 Alphonso Davies
92%
RM 85 Serge Gnabry
92%
CB 85 Matthijs de Ligt / Niklas Süle
83%
CM 87 Leon Goretzka
75%
CF 86 Christopher Nkunku
53%
LM 89 Sadio Mane
47%
ST 85 Patrik Schick
36%
RB 82 Noussair Mazraoui
28%
RWB 77 Silvan Widmer / Christopher Trimmel / Pavel Kaderabek / Benjamin Henrichs
22%
LWB 83 Angelino
19%
LW 74 Gerrit Holtmann
6%
RW 74 Robert Skov
3%
No matching quizzes found
Score Distribution
Percent of People with Each Score
Percentile by Number Answered
Your Score History
You have not taken this quiz